Random Footballer Career Paths - Statistics

General Stats
  • This quiz has been taken 50 times
  • The average score is 32 of 50
Answer Stats
Career Path Player % Correct
1993-1996- Dynamo-2 Kyiv
1993-1999- Dynamo Kyiv 1999-2006- AC Milan 2006-2009- Chelsea
2008-2009 - AC Milan (loan) 2009-2012- Dynamo Kyiv
Andriy Shevchenko
88%
1999-2001- Malmo FF 2001-2004- Ajax 2004-2006- Juventus 2006-2009- Inter Milan 2009-2011- Barcelona 2010-2011 - AC Milan (loan) 2011-2012- AC Milan 2012-2016- Paris Saint-Germain 2016-2018- Manchester United 2018-2019- LA Galaxy 2020-2023- AC Milan Zlatan Ibrahimovic
86%
2002-2003- Sporting CP B 2002-2003- Sporting CP 2003-2009- Manchester United 2009-2018- Real Madrid 2018-2021- Juventus 2021-2022- Manchester United 2023- Al-Nassr Cristiano Ronaldo
83%
2003-2004- Valencia B 2004-2010- Valencia 2004-2005 - Eibar (loan) 2005-2006 - Celta (loan) 2010-2020- Manchester City 2020-2023- Real Sociedad David Silva
81%
2010-2012- Al-Mokawloon 2012-2014- Basel 2014-2016- Chelsea 2015 - Fiorentina (loan) 2015-2016 - Roma (loan) 2016-2017- Roma 2017- Liverpool Mohamed Salah
81%
1993-1994- Cruzeiro 1994-1996- PSV 1996-1997- Barcelona 1997-2002- Inter Milan 2002-2007- Real Madrid 2007-2008- AC Milan 2009-2011- Corinthians Ronaldo
81%
2001-2007- Atletico Madrid 2007-2011- Liverpool 2011-2015- Chelsea 2014-2015 - AC Milan (loan) 2015-2016- AC Milan 2015-2016 - Atletico Madrid (loan) 2016-2018- Atletico Madrid 2018-2019- Sagan Tosu Fernando Torres
79%
2003-2004- Barcelona C 2004-2005- Barcelona B 2004-2021- Barcelona 2021-2023- Paris Saint-Germain 2023- Inter Miami Lionel Messi
79%
2005-2006- Nacional 2006-2007- Groningen 2007-2011- Ajax 2011-2014- Liverpool 2014-2020- Barcelona 2020-2022- Atletico Madrid 2022-2023- Nacional 2023-2024- Gremio 2024- Inter Miami Luis Suarez
79%
2004-2011- Arsenal 2011-2014- Barcelona 2014-2019- Chelsea 2019-2022- Monaco 2022- Monaco B 2022-2023- Como Cesc Fabregas
76%
1989-1995- Sporting CP 1995- 2000- Barcelona 2000-2005- Real Madrid 2005-2009- Inter Milan Luis Figo
76%
1984-2009- AC Milan Paolo Maldini
76%
2008-2013- Inter Milan 2008-2010 - Vasco da Gama (loan) 2012 - Espanyol (loan) 2013-2018- Liverpool 2018-2022- Barcelona 2019-2020 - Bayern Munich (loan) 2022 - Aston Villa (loan) 2022- Aston Villa 2023-2024 - Al Duhail (loan) 2024 - Vasco da Gama (loan) Philippe Coutinho
76%
1997-2000 Real Madrid 1997-1998 - Leganes (loan) 1999 - Espanyol (loan) 2000 - Mallorca (loan) 2000-2004 - Mallorca 2004-2009- Barcelona 2009-2011- Inter Milan 2011-2013- Anzhi Makhachkala 2013-2014- Chelsea 2014-2015- Everton 2015- Sampdoria 2015-2018- Antalyaspor 2018- Konyaspor 2018-2019- Qatar SC Samuel Eto'o
76%
2011-2013- Groningen 2013-2015- Celtic 2015-2018- Southampton 2018- Liverpool Virgil Van Dijk
76%
2005-2007- River Plate 2007-2013- Real Madrid 2013-2016- Napoli 2016-2020- Juventus 2018-2019 - AC Milan (loan) 2019 - Chelsea (loan) 2020-2022- Inter Miami Gonzalo Higuain
74%
2015-2018- Racing Club 2018- Inter Milan Lautaro Martinez
74%
2011- Metz B 2011-2012- Metz 2012-2014- Red Bull Salzburg 2014-2016- Southampton 2016-2022- Liverpool 2022-2023- Bayern Munich 2023- Al Nassr Sadio Mane
74%
1992-1995- Ajax
1995-1996- Sampdoria 1996-2000- Real Madrid 2000-2002- Inter Milan 2002-2012- AC Milan 2012-2014- Botafogo
Clarence Seedorf
71%
2019-2021- Celtic 2021-2025- Bayern Leverkusen 2025- Liverpool Jeremie Frimpong
71%
1981-1987- Ajax 1987-1995- AC Milan Marco Van Basten
71%
2014-2016- Sparta Prague
2015-2016 - Bohemians 1905 (loan) 2016-2017- Sampdoria 2017-2020- Roma 2019-2020 - RB Leipzig (loan) 2020- Bayer Leverkusen
Patrick Schick
71%
2017-2019- VfL Wolfsburg
2018-2019 - Charleroi (loan) 2019- Charleroi 2019-2020- Lille 2020- Napoli 2024-2025 - Galatasaray (loan)
Victor Osimhen
71%
2020- Bayer Leverkusen Florian Wirtz
69%
1999-2000- Real Sociedad B 2000-2004- Real Sociedad 2000-2001 - Eibar (loan) 2004-2009- Liverpool 2009-2014- Real Madrid 2014-2017- Bayern Munich Xabi Alonso
69%
2020-2021- Bayern Munich II 2021- Bayern Munich Jamal Musiala
67%
2017-2018- Dinamo Tbilisi 2018-2019- Rustavi 2019 - Lokomotiv Moscow (loan) 2019-2022- Rubin Kazan 2022- Dinamo Batumi 2022-2025- Napoli 2025- Paris Saint-Germain Khvicha Kvaratskhelia
67%
1992-1993- Talleres 1993-1995- Banfield 1995-2014- Inter Milan Javier Zanetti
64%
2011-2012- Instituto 2012-2015- Palermo 2015-2022- Juventus 2022- Roma Paulo Dybala
64%
2017-2018- Sporting CP B 2017-2018- Sporting CP 2018-2019- Lille 2019- AC Milan Rafael Leao
64%
2011-2015- Barcelona B 2016-2023- Benfica 2023- Bayer Leverkusen Alejandro Grimaldo
62%
2017-2018- Sion 2018-2020- RB Leipzig 2020-2021- Hertha BSC 2021-2023- Atletico Madrid 2023 - Wolverhampton Wanderers (loan) 2023- Wolverhampton Wanderers Matheus Cunha
62%
1991-1993- Uniao Sao Joao 1992-1993 - Atletico Mineiro (loan) 1993-1995- Palmeiras 1995-1996- Inter Milan 1996-2007- Real Madrid 2007-2009- Fenerbahce 2010-2011- Corinthians 2011-2012- Anzhi Makhachkala 2015-2016- Delhi Dynamos Roberto Carlos
62%
1979-1982- AFC Haarlem 1982-1985- Feyenoord 1985-1987- PSV 1987-1994- AC Milan 1993-1994- Sampdoria (loan) 1994-1995- Sampdoria 1995-1998- Chelsea Ruud Gullit
60%
2008-2011- Barcelona B 2009-2013- Barcelona 2013-2020- Bayern Munich 2020-2024- Liverpool Thiago Alcantara
60%
2016-2018- Troyes II 2018-2019- Troyes 2019- Brentford Bryan Mbeumo
57%
1989-1995- Sao Paulo 1995- Zaragoza 1995- Juventude 1995-1997- Palmeiras 1997-2003- AS Roma 2003-2008- AC Milan Cafu
57%
1993-1996- River Plate 1996-2000- Parma 2000-2002- Lazio 2002-2003- Inter Milan 2003-2008- Chelsea 2004-2005 - AC Milan (loan) 2006-2008 - Inter Milan (loan) 2008-2009- Inter Milan 2009-2010- Genoa 2010-2012- Parma Hernan Crespo
55%
2000-2003- Bastia 2003-2005- Lyon 2005-2014- Chelsea 2012-2013 - Real Madrid (loan) 2014- 2015- AC Milan 2015-2016- Panathinaikos 2017-2018- Persib Bandung 2019-2020- Sabail Michael Essien
55%
2016-2020- Queens Park Rangers 2017-2018 - Wycombe Wanderers (loan) 2020- Crystal Palace Eberechi Eze
52%
2015-2020- Cagliari 2016 - Como (loan) 2019-2020 - Inter Milan (loan) 2020- Inter Milan Nicolo Barella
52%
2015-2017- Atletico Madrid B 2016-2017 - Alaves (loan) 2017-2019- Real Madrid 2018-2019 - Real Sociedad (loan) 2019- AC Milan Theo Hernandez
50%
1999-2003- Racing Club
2003-2005- Genoa 2005-2008- Zaragoza 2008-2009- Genoa 2009- 2014- Inter Milan 2014-2016- Racing Club
Diego Milito
48%
2014- Hereford United 2014-2020- Hull City 2020- West Ham United Jarrod Bowen
48%
1991-1995- Piacenza 1992-1993 - Leffe (loan) 1993-1994- Verona (loan) 1995-1996- Parma 1996-1997- Atalanta 1997-2001- Juventus 2001-2012- AC Milan Filippo Inzaghi
45%
2014-2016- Chateauroux II 2015-2016- Chateauroux 2016-2018- Angers 2016-2017- Angers II 2017 - Laval (loan) 2017 - Laval II (loan) 2017 - Ajaccio (loan) 2018-2021- Lorient 2021- Brentford Yoane Wissa
45%
1980-1987- Ajax 1987-1988- Sporting CP 1987-1988 - Real Zaragoza (loan) 1988-1993- AC Milan 1993-1995- Ajax Frank Rijkaard
40%
2020-2021- Gyor 2021-2022- AC Milan 2022-2023- AZ Alkmaar 2023- Bournemouth Milos Kerkez
40%
2018-2019- Angers II 2018-2021- Angers 2020-2021 - Wolverhampton Wanderers (loan) 2021- Wolverhampton Wanderers Rayan Ait-Nouri
31%
2015-2019- Everton 2017-2018 - Bolton Wanderers (loan) 2018-2019 - Wigan Athletic (loan) 2019-2020- Wigan Athletic 2020- Fulham Antonee Robinson
24%
No matching quizzes found
Score Distribution
Percent of People with Each Score
Percentile by Number Answered
Your Score History
You have not taken this quiz